000 00251nam a2200097Ia 4500
008 190216s9999||||xx |||||||||||||| ||und||
100 _aNavar Singh
245 0 _aHindi-Adhunik Sahithya Ki Pravarthiyam
260 _bMac Millian And Com. Ltd
942 _cBK
999 _c15227
_d15227